000 00370nam a22001577a 4500
003 MPLRDC
005 20220104142946.0
008 210129b ||||| |||| 00| 0 eng d
082 _a415.237 SY c.2
100 _a宋瑛
245 _a没有鼻子的人
_c
260 _a
_b国际文化事业公司
_c
300 _b
650 _a性病
942 _cBK
_o415.237 SY c.2
999 _c35275
_d35265